Zemsta E8 - Statystyki

Ogólne statystyki
  • Ten quiz został rozwiązany 30 razy
  • Średni wynik to 9 z 14
Statystyki odpowiedzi
Zagadnienie Odpowiedź % Poprawnych
O czym jest Zemsta O sporze między Cześnikiem i Rejentem
85%
Wybierz prawidłowy zestaw motywów Zemsty: Miłości, Zemsty, Komizmu, Szlachty
81%
Jak miał na nazwisko Cześnik i Rejent Cześnik Raptusiewicz, Rejent Milczek
78%
Rodzaj Literacki Zemsty to: Dramat
74%
Który z tych to cytat z Zemsty? “Jeśli nie chcesz mojej zguby krokodyla daj mi luby …”
74%
Porywczość Cześnika. Jaki to typ komizmu? Postaci
74%
Kim była dla Cześnika Klara Bratanicą
70%
Czas Zemsty to? XVIII w.
67%
Zemsta powstała w epoce? Romantyzmu
63%
Jak nazywała się szabla Papkina? Artemiza
59%
Pisanie listu przez Dyndalskiego. Jaki to typ komizmu? Sytuacyjny
59%
Gatunek Literacki Zemsty to: Komedia
56%
W jakim wydarzeniu historycznym brał udział Cześnik W Konfederacji Barskiej
48%
Kto pisał list od Klary do Wacława? Dyndalski
44%
Nie znaleziono quizów pasujących do podanych kryteriów
Rozkład punktacji
Procent ludzi z każdym wynikiem
Percentyl według liczby udzielonych odpowiedzi
Twoja historia wyników
Nie rozwiązałeś tego quizu